000 00619nam a22001937a 4500
005 20150625170152.0
010 _aENG-113035
020 _a9789385160332
_c995.00
035 _aEN-96567
037 _bDBAB/PUB
082 _a327.12
245 _aWomen in secret agencies /
_cedited by Bittu K. Singh
260 _aNew Delhi
_bLenin Media
_c2015
270 _a202, IInd Floor, 4832/24, Prahlad Street, Ansari Road, Daryaganj,
_bNew Delhi
_e110002
300 _a240p.
_c22cm(Hb)
500 _aIncludes bibliographical references and index
700 _aBittu K.Singh
942 _2ddc
_cEN
_mWOM
_h327.12
999 _c93577
_d93577